LEADER 01146nam 2200325Ia 450 001 996392019403316 005 20221108032009.0 035 $a(CKB)1000000000669808 035 $a(EEBO)2240960876 035 $a(OCoLC)12633353 035 $a(EXLCZ)991000000000669808 100 $a19851003d1683 uy | 101 0 $aeng 135 $aurbn||||a|bb| 200 10$aOvid's Elegies, or, A translation of his choicest epistles to his lady and friends$b[electronic resource] $etogether with three other epistles done by the same hand 210 $aLondon $cPrinted by Hen. Hills Jun. for John Fish ...$dMDCLXXXIII [1683] 215 $a[16], 119 p 300 $aIn verse. 300 $aReproduction of original in the Harvard University Library. 330 $aeebo-0062 606 $aLatin literature$vTranslations into English 615 0$aLatin literature 700 $aOvid$f43 B.C.-17 or 18 A.D.$0154954 801 0$bEAH 801 1$bEAH 801 2$bWaOLN 906 $aBOOK 912 $a996392019403316 996 $aOvid's Elegies, or, A translation of his choicest epistles to his lady and friends$92364015 997 $aUNISA LEADER 00974nam a2200265 i 4500 001 991000642629707536 005 20020503193247.0 008 940527s1992 it ||| | ita 035 $ab10107678-39ule_inst 035 $aLE02519657$9ExL 040 $aFac. Economia$bita 082 0 $a333.784 100 1 $aDe Vecchis, Gino$0129288 245 13$aLa montagna italiana :$bverso nuove dinamiche territoriali :$bi valori del passato e le prospettive di recupero e di sviluppo /$cGino De Vecchis 260 $aRoma :$bKappa,$cc1992 300 $a273 p. ;$c23 cm. 650 4$aGeografia antropica 650 4$aMontagne$xStudi 651 4$aItalia$xGeografia 907 $a.b10107678$b17-10-14$c27-06-02 912 $a991000642629707536 945 $aLE025 ECO 333 DEV01.01$g1$i2025000000803$lle025$o-$pE0.00$q-$rl$s- $t0$u0$v0$w0$x0$y.i10126028$z27-06-02 996 $aMontagna italiana$9197731 997 $aUNISALENTO 998 $ale025$b01-01-94$cm$da $e-$fita$git $h3$i1